000 00254nam a22001217a 4500
008 171123b xxu||||| |||| 00| 0 eng d
041 _aeng
080 _a62
100 _a26
101 _aIM
245 _aHOME ENERGY HOW-TO
_cHAND,A.J
942 _2udc
_cBK
999 _c38410
_d38410